The Italians in America

Saved in:
Bibliographic Details
Format: Book
Language:Undetermined
Published: Minneapolis Lerner 1967
Subjects:
Tags: Add Tag
No Tags, Be the first to tag this record!
Institutions: Trung tâm Học liệu Trường Đại học Cần Thơ
LEADER 00399nam a2200157Ia 4500
001 CTU_11137
008 210402s9999 xx 000 0 und d
082 |a 973 
082 |b I35 
245 4 |a The Italians in America 
260 |a Minneapolis 
260 |b Lerner 
260 |c 1967 
650 |a italian americans 
904 |i Minh, 961016 
980 |a Trung tâm Học liệu Trường Đại học Cần Thơ